000 01583nam0a2200289 4500
001 RU\NLR\BIBL_A\012328655
005 20250624015742.0
035 _a(NLR Aleph) 012328655
090 _a11460729
_c11460729
100 _a20200908d1934 |||y0rusy50 ca
101 0 _aady
102 _aRU
105 _ay z 000 y
181 0 _ai
_baxxe
182 0 _an
200 1 _aIинструкцыеу илъэс 1935-рэм государствэм щэр зэрыращтым ишIыкIэкIэ щыIэр
_e(илъэс 1934-рэм декбрэм и 1-м СССР-м иНародни Комиссариаты иСоветы ыштар)
_dИнструкция о порядке проведения обязательной поставки молока государству в 1935 году
_e(утверждено Советом Народных Комиссаров 1 декабря 1934 года)
_fпер. Самогов Д.
203 _aТекст
_bвизуальный
_cнепосредственный
210 _aКраснодар
_cБ. и.
_d1934
215 _a15,[1] с.
_d21
300 _aЛатин. графика
510 1 _aИнструкция о порядке проведения обязательной поставки молока государству в 1935 году
_e(утверждено Советом Народных Комиссаров 1 декабря 1934 года)
_zrus
686 1 _aУ9(2)32
852 _aNLR
_bОНЛ
_jАдыг./3-121
852 _aNLR
_bОНЛ
_jАдыг./3-121
942 _cBOOK
980 _aNB